Десять лет спустя. 2 (Запись № 13627568)

Подробности
000 -МАРКЕР
контрольное поле 01211nam2a2200253 4500
001 - ИДЕНТИФИКАТОР ЗАПИСИ
контрольное поле rc\2647659
005 - ИДЕНТИФИКАТОР ВЕРСИИ
контрольное поле 20260325101955.0
035 ## - ДРУГИЕ СИСТЕМНЫЕ НОМЕРА
Идентификатор записи (NLR Aleph) 007201501
100 ## - ДАННЫЕ ОБЩЕЙ ОБРАБОТКИ
Данные общей обработки 20110609d1928 u y0rusy50 ca
101 1# - ЯЗЫК РЕСУРСА
Язык текста, звукозаписи и т.д. русский
Язык оригинала французский
102 ## - СТРАНА ПУБЛИКАЦИИ ИЛИ ПРОИЗВОДСТВА
Страна публикации Российская Федерация
105 ## - ПОЛЕ КОДИРОВАННЫХ ДАННЫХ: ТЕКСТОВЫЕ МАТЕРИАЛЫ, МОНОГРАФИЧЕСКИЕ
Кодированные данные о монографическом текстовом документе a z |||a|
200 0# - ЗАГЛАВИЕ И СВЕДЕНИЯ ОБ ОТВЕТСТВЕННОСТИ
Основное заглавие 2
Сведения, относящиеся к заглавию с воспроизведением иллюстраций к первому французскому изданию
Первые сведения об ответственности пер. А. А. Фран...кого
210 ## - ПУБЛИКАЦИЯ, РАСПРОСТРАНЕНИЕ И ДР.
Дата издания, распространения и т.д. 1928
215 ## - ФИЗИЧЕСКАЯ ХАРАКТЕРИСТИКА
Специфическое обозначение материала и объем 899 с.
Другие сведения о физической характеристике рис.
461 #0 - УРОВЕНЬ НАБОРА
Встроенное поле 001rc\2647657
-- 2000#$aДесять лет спустя$eВиконт де Бражелон$e[перевод с французского]$fАлександр Дюма$v2
-- 700#1$aДюма$bА.$cотец$f1802-1870$gАлександр$3RU\NLR\AUTH\776853
Системный номер (АБИС) связанной записи 7633719
Автор Дюма, А. (отец ; 1802-1870)
Место публикации Ленинград
Дата публикации 1928–1929
Первые сведения об ответственности Александр Дюма
Имя издателя, распространителя и т.д. Academia
Сведения, относящиеся к заглавию Виконт де Бражелон : [перевод с французского]
Заглавие Десять лет спустя
Номер тома 2
801 #0 - ИСТОЧНИК ЗАПИСИ
Страна Российская Федерация
Организация NLR
Правила каталогизации psbo
801 #1 - ИСТОЧНИК ЗАПИСИ
Страна Российская Федерация
Организация ELAR
Источник данных rusmarc
852 ## - МЕСТОНАХОЖДЕНИЕ И ШИФР ХРАНЕНИЯ
Идентификатор организации NLR
Шифр хранения (Call Number) 118/199(2)
852 ## - МЕСТОНАХОЖДЕНИЕ И ШИФР ХРАНЕНИЯ
Идентификатор организации NLR
Шифр хранения (Call Number) Л60 В-1/42(2)
942 ## - ДОПОЛНИТЕЛЬНЫЕ ЭЛЕМЕНТЫ ЗАПИСИ (АБИС)
Тип экземпляра АБИС Книга
980 ## - КОЛЛЕКЦИЯ
Название коллекции Национальная библиография

Нет доступных экземпляров.